000 00685nam a2200253Ia 4500
003 OSt
005 20220918164910.0
006 a|||||r|||| 00| 0
007 ta
008 220917b |||||||| |||| 00| 0 eng d
020 _a0807811998
024 _a18,424
037 _cTextual
040 _aARTS
_cARTS
_beng
041 _2eng
_aeng
082 _aO111,2J64,3:g, L2
100 _aMcfarland Thomas
_921560
245 0 _aShakespear's pastoral comedy
260 _aChapel
_bHill Uni. of Carolina Press
_c1972
300 _a217p.
_ccm.
650 _aENGLISH LITERATURE
942 _hO111,2J64,3:g, L2
_cTEXL
_2CC
999 _c127288
_d127288